CM Punk's WWE Championships and Accomplishments - Statistics

General Stats
  • This quiz has been taken 27 times
  • The average score is 5 of 6
Answer Stats
Hint Answer % Correct
4-times World Heavyweight Championship
88%
2-times Money in the Bank
83%
2-times WWE Championship
83%
1-time ECW Championship
75%
1-time Intercontinental Championship
75%
1-time World Tag Team Championship
54%
No matching quizzes found
Score Distribution
Percent of People with Each Score
Percentile by Number Answered
Your Score History
You have not taken this quiz